| 000 | 00916nam a2200253Ia 4500 | ||
|---|---|---|---|
| 008 | 100315s9999 xx 000 0 und d | ||
| 020 | _a81-313-0073-0 | ||
| 040 | _cENGLISH | ||
| 082 |
_b6381 _a658.4092 |
||
| 100 | _a"Kumar, C. Rajendra, Kartan, Sanjay S. " | ||
| 245 | _aThe Leadership in Management : Understanding Leadership Wisdom | ||
| 260 |
_aNew Delhi _bA.P.H. Publishing..... _c2007 |
||
| 300 | _a261 Pg. | ||
| 365 |
_eRupees _d1 _b505.75 |
||
| 366 | _f15 | ||
| 505 | _gRashmi Bhutkar | ||
| 530 |
_bBG - (Yogi Book Centre) 929/17-10-2007 _a929/17-10-2007 |
||
| 536 | _a01/04/2007-31/03/2008 | ||
| 620 | _a1. Development 2. Styles 3. Role 4. Brand 5. Growth | ||
| 630 | _aThe Leadership in Management : Understanding Leadership Wisdom | ||
| 650 | _aLeadership | ||
| 730 | _aThe Leadership in Management : Understanding Leadership Wisdom | ||
| 942 | _cBOOK | ||
| 999 |
_c481116 _d481113 |
||